|
|
|
|
| LEADER |
00000nam a2200000 4500 |
| 001 |
vtls012125231 |
| 003 |
SK-MaSNL |
| 005 |
20260301191521.0 |
| 008 |
220228s2021 xo a a 000 0 slo |
| 015 |
|
|
|a SNBA2022/03
|
| 020 |
|
|
|a 9788056707906
|q (brožované)
|
| 040 |
|
|
|a SNK
|b slo
|c SNK
|e rda
|
| 041 |
1 |
|
|a slo
|h eng
|
| 044 |
|
|
|a xo
|c SK
|
| 072 |
|
7 |
|a 0/9-053.2
|x Literatúra pre deti a mládež (náučná)
|2 konspekt
|
| 072 |
|
7 |
|a 793
|x Spoločenské zábavy
|2 konspekt
|
| 080 |
|
|
|a 793.7
|2 2011
|
| 080 |
|
|
|a (076.1)
|2 2011
|
| 080 |
|
|
|a (084.1.029.2)
|2 2011
|
| 080 |
|
|
|a (0.029)
|2 2011
|
| 080 |
|
|
|a (0.053.2)
|2 2011
|
| 130 |
0 |
|
|a Playtime learning: Dot to Dot
|l Slovensky
|9 568219
|
| 245 |
1 |
0 |
|a Spojovačky
|b zábavné učenie : kniha aktivít so samolepkami
|c z anglického vydania "Playtime learning: Dot to Dot" ... preklad Andrea Cingelová
|
| 250 |
|
|
|a Prvé slovenské vydanie
|
| 264 |
|
1 |
|a Bratislava
|b Svojtka & Co., s.r.o.
|c 2021
|
| 300 |
|
|
|a 16 strán
|b farebné ilustrácie ;
|c 28 cm
|e 2 nečíslované listy s vytláčacími obrázkami + 2 nečíslované listy samolepiek
|
| 336 |
|
|
|a text
|b txt
|2 rdacontent
|
| 336 |
|
|
|a statický obraz
|b sti
|2 rdacontent
|
| 337 |
|
|
|a bez média
|b n
|2 rdamedia
|
| 338 |
|
|
|a zväzok
|b nc
|2 rdacarrier
|
| 500 |
|
|
|a Na obálke: Viac ako 250 samolepiek! ; Napomáha koordinácii oka a ruky : rozvíja logické myslenie : podporuje tvorivú hru
|
| 500 |
|
|
|a Listy s vytláčacími obrázkami a samolepkami všité na konci publikácie
|
| 521 |
8 |
|
|a Pre deti od 4 rokov
|
| 650 |
0 |
7 |
|a spojovačky
|2 SNKPH
|9 368648
|
| 650 |
0 |
7 |
|a Dot to dots
|2 SNKPHeng
|9 338449
|
| 655 |
|
7 |
|a pracovné zošity
|2 SNKPH
|9 70188
|
| 655 |
|
7 |
|a samolepky
|2 SNKPH
|9 79151
|
| 655 |
|
7 |
|a publikácie pre deti
|2 SNKPH
|9 70148
|
| 655 |
|
7 |
|a Activity books
|2 SNKPHeng
|9 302885
|
| 655 |
|
7 |
|a Stickers
|2 SNKPHeng
|9 303014
|
| 655 |
|
7 |
|a Publications for children
|2 SNKPHeng
|9 276792
|
| 655 |
|
7 |
|a skladačky
|2 SNKPH
|9 70683
|
| 655 |
|
7 |
|a Puzzles
|2 SNKPHeng
|9 311345
|
| 700 |
1 |
|
|a Cingelová, Andrea
|4 trl
|9 186031
|
| 919 |
|
|
|a 978-80-567-0790-6
|
| 958 |
|
|
|a DB
|
| 958 |
|
|
|a OP
|
| 968 |
|
|
|b ENG
|
| 999 |
|
|
|c 871321
|d 873251
|
| 952 |
|
|
|a SNK
|b SNK
|y PREZ
|7 0
|p 17A1479649
|o snkOSB 20534
|i snk2022/3036
|8 0
|0 0
|1 0
|4 0
|d 2022-02-28
|l 0
|r 2026-02-24 05:42:44
|w 2026-02-24
|
| 952 |
|
|
|a SNK
|b SNK
|y PREZ
|7 0
|p 17A1479650
|o snkOSB 20534 D1
|i snk2022/3037
|8 0
|0 0
|1 0
|4 0
|d 2022-02-28
|l 0
|r 2026-02-24 05:42:44
|w 2026-02-24
|